| 000 | 00698cab a2200229 4500 | ||
|---|---|---|---|
| 001 | ABS52279 | ||
| 008 | 090401t1995 xxu||||| |||| 00| 0 eng d | ||
| 035 | _a(Sirsi) u70417 | ||
| 041 | _aeng | ||
| 100 | _aOwen, C. | ||
| 245 | _aHistoric sites cause delays | ||
| 260 | _c1995 | ||
| 350 | _a0 | ||
| 490 |
_aEstates Times _v(1266) 10 February 1995, 5(1) |
||
| 520 | _aDevelopers are beginning to feel the impact of PPG16 when dealing with archaeological remains on development sites, both in time and cost. No 1 Poultry is cited as an example. | ||
| 650 | _aARCHAEOLOGICAL REMAINS | ||
| 650 | _aCOSTS | ||
| 650 | _aPPG16 | ||
| 690 | _aCONSERVATION | ||
| 942 | _n0 | ||
| 948 | _c04/03/1997 | ||
| 999 |
_c44283 _d44283 |
||